Vista normal Vista MARC

Entrada Personal Name

Número de registros utilizados en: 1

001 - CONTROL NUMBER

  • control field: 8146

003 - CONTROL NUMBER IDENTIFIER

  • control field: OSt

005 - DATE AND TIME OF LATEST TRANSACTION

  • control field: 20200730102637.0

008 - FIXED-LENGTH DATA ELEMENTS

  • fixed length control field: 200730|| aca||aabn | a|a d

040 ## - CATALOGING SOURCE

  • Original cataloging agency: OSt
  • Transcribing agency: OSt

100 ## - HEADING--PERSONAL NAME

  • Personal name: Shulman, Irving,
  • Dates associated with a name: 1913 -1995

670 ## - SOURCE DATA FOUND

  • Source citation: Work cat.: (OSt)3507: Shulman, Irving, 1913 -1995 autor, West side story : , 1995